Wszystkie skiny do P250 w CS:GO - Statystyki

Ogólne statystyki
  • Ten quiz został rozwiązany 22 razy
    16 od ostatniego zresetowania
  • Średni wynik to 6 z 41
Statystyki odpowiedzi
Rodzaj (Kolor) Skin % Poprawnych
Różowy Asiimov
80%
Różowy Muertos
60%
Różowy Cartel
40%
Różowy Franklin
40%
Czerwony See Ya Later
40%
Fioletowy Splash
40%
Niebieski Cassette
30%
Różowy Mehndi
30%
Niebieski Metallic DDPAT
30%
Niebieski Sand Dune
30%
Niebieski Valence
30%
Fioletowy X-Ray
30%
Fioletowy Inferno
20%
Fioletowy Vino Primo
20%
Niebieski Boreal Forest
10%
Niebieski Crimson Kimono
10%
Niebieski Hive
10%
Niebieski Mint Kimono
10%
Niebieski Modern Hunter
10%
Fioletowy Nuclear Threat
10%
Niebieski Ripple
10%
Niebieski Steel Disruption
10%
Fioletowy Supernova
10%
Różowy Undertow
10%
Niebieski Whiteout
10%
Fioletowy Wingshot
10%
Niebieski Bengal Tiger
0%
Niebieski Bone Mask
0%
Niebieski Contaminant
0%
Niebieski Contaminantion
0%
Fioletowy Cyber Shell
0%
Niebieski Dark Filigree
0%
Niebieski Exchanger
0%
Niebieski Facets
0%
Niebieski Facility Draft
0%
Niebieski Forest Night
0%
Niebieski Gunsmoke
0%
Niebieski Iron Clad
0%
Fioletowy Nevermore
0%
Fioletowy Red Rock
0%
Niebieski Verdigris
0%
Nie znaleziono quizów pasujących do podanych kryteriów
Rozkład punktacji
Procent ludzi z każdym wynikiem
Percentyl według liczby udzielonych odpowiedzi
Twoja historia wyników
Nie rozwiązałeś tego quizu od ostatniego zresetowania